Mô hình "bá quyền xấu" : Điều chỉnh chính sách đối ngoại của Mỹ dưới chính quyền Trump /

Spremljeno u:
Bibliografski detalji
Glavni autor: Nguyễn Vũ Tùng.
Format: Članak
Jezik:Vietnamese
Teme:
Oznake: Dodaj oznaku
Bez oznaka, Budi prvi tko označuje ovaj zapis!
Thư viện lưu trữ: Thư viện Trường Đại học Đà Lạt
LEADER 00859nam a2200277 4500
001 DLU200194594
005 ##20200326
040 # # |a DLU  |b vie 
041 # # |a vie 
044 # # |a vn 
100 # # |a Nguyễn Vũ Tùng. 
245 # # |a Mô hình "bá quyền xấu" :  |b Điều chỉnh chính sách đối ngoại của Mỹ dưới chính quyền Trump /  |c Nguyễn Vũ Tùng. 
653 # # |a Bá quyền 
653 # # |a Chính sách đối ngoại  
653 # # |a Hệ thống 
653 # # |a Trật tự 
653 # # |a Trump 
773 # # |t Nghiên cứu quốc tế  |g Số 2(213), 2018, tr. 91-113 
920 # # |a Phòng Tạp chí -- Trung tâm Thông tin - Thư viện Trường Đại học Đà Lạt 
900 # # |a True 
911 # # |a Nguyễn Thị Thu Phương 
925 # # |a G 
926 # # |a A 
927 # # |a BB 
980 # # |a Thư viện Trường Đại học Đà Lạt